000
00290nam a22001337a 4500
008
170920b xxu||||| |||| 00| 0 eng d
020
_a
9780075695400
041
_a
eng
080
_a
7
100
_a
45
101
_a
ART
245
_a
LANGUAGE ARTS HANDBOOK
_c
HILL,M
942
_2
udc
_c
BK
999
_c
28475
_d
28475